[Event "16e Tournoi d'Automne - Tournoi A"]
[Site "Montigny le Bretonneux"]
[Date "2017.10.21"]
[Round "1.1"]
[White "Legrand, Stephane"]
[Black "Dubois, Loic"]
[Result "0-1"]
[WhiteElo "2086"]
[BlackElo "2247"]
[Annotator "Rivier,Sylvain"]
[PlyCount "50"]
[EventDate "2017.??.??"]
[WhiteTeam "La tour de Juvisy"]
[BlackTeam "Gambit Roi de Carrieres sur Seine"]

{Gambit dame, défense Tchigorine} 1. d4 d5 2. c4 Nc6 3. Nc3 Nf6 4. e3 dxc4 5.
Bxc4 e5 6. d5 Na5 7. Nf3 Nxc4 8. Qa4+ c6 9. dxc6 b5 10. Qxb5 Be6 11. Ng5 a6 12.
Nxe6 axb5 13. Nxd8 b4 14. Nb5 Kxd8 15. a4 Nd6 16. Nxd6 Bxd6 17. O-O Ra6 18. f4
e4 19. Rd1 Ke7 20. h3 h5 21. b3 Rxc6 22. Bb2 Rhc8 23. g4 hxg4 24. Bxf6+ gxf6
25. hxg4 Rc3 0-1

[Event "16e Tournoi d'Automne - Tournoi A"]
[Site "Montigny le Bretonneux"]
[Date "2017.10.21"]
[Round "1.2"]
[White "Chauveau, Philippe"]
[Black "O'Sullivan, Thomas"]
[Result "0-1"]
[WhiteElo "1909"]
[BlackElo "2222"]
[Annotator "Rivier,Sylvain"]
[PlyCount "58"]
[EventDate "2017.??.??"]
[WhiteTeam "Issy-Les-Moulineaux"]
[BlackTeam "Cercle d'Echecs de Villepinte"]

{Défense Grünfeld, variante fermée} 1. Nf3 c5 2. e3 g6 3. c4 Bg7 4. d4 Nf6
5. Nc3 O-O 6. Be2 cxd4 7. exd4 d5 8. O-O Nc6 9. Re1 Bf5 10. a3 Rc8 11. c5 Ne4
12. Be3 Nxc5 13. dxc5 d4 14. Nxd4 Nxd4 15. Bxd4 Bxd4 16. Bf3 Bxc5 17. Qe2 Bd3
18. Qd2 Bf5 19. Qe2 Rc7 20. Rad1 Rd7 21. Nd5 Be6 22. Qe4 Bxd5 23. Rxd5 Bd6 24.
Rb5 b6 25. Qg4 Qc7 26. h4 Bc5 27. Rb3 Rd2 28. Kh1 Bxf2 29. Be4 Bxe1 0-1

[Event "16e Tournoi d'Automne - Tournoi A"]
[Site "Montigny le Bretonneux"]
[Date "2017.10.21"]
[Round "1.3"]
[White "Veron, Cyprien"]
[Black "Daurelle, Herve"]
[Result "1/2-1/2"]
[WhiteElo "1990"]
[BlackElo "2180"]
[Annotator "Rivier,Sylvain"]
[PlyCount "40"]
[EventDate "2017.??.??"]
[WhiteTeam "Saint Hilaire Petitville"]
[BlackTeam "Clichy-Echecs-92"]

{Ouverture anglaise, variante symétrique} 1. Nf3 c5 2. c4 Nf6 3. d4 cxd4 4.
Nxd4 e6 5. Nc3 d5 6. cxd5 Nxd5 7. e4 Nxc3 8. bxc3 Be7 9. Be2 O-O 10. O-O b6 11.
Be3 Bb7 12. f3 Nd7 13. Bb5 Bc5 14. Qe2 Qe7 15. Rfd1 Rfd8 16. Rd2 a6 17. Ba4 b5
18. Bb3 Nb6 19. Rad1 Rd7 20. Qf2 Rc7 1/2-1/2

[Event "16e Tournoi d'Automne - Tournoi A"]
[Site "Montigny le Bretonneux"]
[Date "2017.10.21"]
[Round "1.4"]
[White "David, Frederic"]
[Black "Forissier, Nicolas"]
[Result "1-0"]
[WhiteElo "1955"]
[BlackElo "1980"]
[Annotator "Rivier,Sylvain"]
[PlyCount "103"]
[EventDate "2017.??.??"]
[WhiteTeam "La Dame Noire"]
[BlackTeam "La Dame Noire"]

{Partie espagnole, attaque anglaise} 1. e4 e5 2. Nf3 Nc6 3. Bb5 a6 4. Ba4 b5 5.
Bb3 Nf6 6. O-O Be7 7. Qe2 d6 8. c3 O-O 9. d4 exd4 10. cxd4 Bg4 11. Rd1 d5 12.
e5 Ne4 13. Nc3 Nxc3 14. bxc3 Na5 15. Bc2 Nc4 16. Re1 c6 17. Qd3 g6 18. Qe2 Qa5
19. Bh6 Rfe8 20. h3 Be6 21. Bd2 Nxd2 22. Qxd2 b4 23. cxb4 Qxb4 24. Qh6 Rab8 25.
Rac1 c5 26. h4 Bf8 27. Qf4 cxd4 28. Bd3 Qa3 29. Rcd1 Rb2 30. h5 Rxa2 31. hxg6
fxg6 32. Nxd4 Bc5 33. Bb1 Rf8 34. Qe3 Qxe3 35. fxe3 Bxd4 36. Bxa2 Bc3 37. Rf1
Rd8 38. Rf6 Bf7 39. Rd6 Rxd6 40. exd6 Kf8 41. Rc1 d4 42. Rf1 dxe3 43. Rxf7+ Ke8
44. Kf1 Bb4 45. d7+ Kd8 46. Rxh7 Be7 47. Be6 a5 48. Rh8+ Kc7 49. Rc8+ Kd6 50.
d8=Q+ Bxd8 51. Rxd8+ Kxe6 52. Ra8 1-0

[Event "16e Tournoi d'Automne - Tournoi A"]
[Site "Montigny le Bretonneux"]
[Date "2017.10.21"]
[Round "1.5"]
[White "Meillon, Judicael"]
[Black "Lialy Yao, Mustapha"]
[Result "1/2-1/2"]
[WhiteElo "1847"]
[BlackElo "1855"]
[Annotator "Rivier,Sylvain"]
[PlyCount "30"]
[EventDate "2017.??.??"]
[WhiteTeam "Tremblay en France"]
[BlackTeam "Echecs et Nacre"]

{Défense moderne} 1. e4 d6 2. g3 Nf6 3. Nc3 g6 4. Bg2 Bg7 5. d3 O-O 6. Nge2 e5
7. h3 Nc6 8. Be3 Nd7 9. O-O a6 10. Nd5 Ne7 11. Nxe7+ Qxe7 12. Nc3 c6 13. f4
exf4 14. gxf4 Nc5 15. Qf3 Ne6 {suite illisible} 1/2-1/2

[Event "16e Tournoi d'Automne - Tournoi A"]
[Site "Montigny le Bretonneux"]
[Date "2017.10.22"]
[Round "2.1"]
[White "Dubois, Loic"]
[Black "Meillon, Judicael"]
[Result "1-0"]
[WhiteElo "2247"]
[BlackElo "1847"]
[Annotator "Rivier,Sylvain"]
[PlyCount "35"]
[EventDate "2017.??.??"]

{Ouverture du pion dame, défense est-indienne} 1. d4 Nf6 2. Nf3 g6 3. Bg5 Bg7
4. Nbd2 c5 5. Bxf6 Bxf6 6. Ne4 Bxd4 7. Nxd4 Qa5+ 8. b4 Qxb4+ 9. c3 Qb2 10. Rb1
Qxa2 11. Nxc5 Qa5 12. Na4 d6 13. e3 Bd7 14. Bb5 a6 15. Bxd7+ Nxd7 16. Rxb7 Qd5
17. Qf3 Qa2 18. Rb2 1-0

[Event "16e Tournoi d'Automne - Tournoi A"]
[Site "Montigny le Bretonneux"]
[Date "2017.10.22"]
[Round "2.2"]
[White "David, Frederic"]
[Black "Veron, Cyprien"]
[Result "0-1"]
[WhiteElo "1955"]
[BlackElo "1990"]
[Annotator "Rivier,Sylvain"]
[PlyCount "116"]
[EventDate "2017.??.??"]

{Défense est-indienne, variante Panno} 1. d4 Nf6 2. Nf3 g6 3. c4 Bg7 4. g3 O-O
5. Bg2 d6 6. Nc3 Nc6 7. O-O a6 8. Qd3 Re8 9. Rd1 Nd7 10. e4 e5 11. Bg5 f6 12.
Be3 exd4 13. Nxd4 Nce5 14. Qe2 c6 15. f4 Nf7 16. Qf2 Qe7 17. Re1 Nc5 18. Rad1
Bg4 19. Rd2 Ne6 20. h3 Nxd4 21. hxg4 Ne6 22. Red1 Rad8 23. Bb6 Rd7 24. c5 Bf8
25. Bf1 g5 26. Bc4 Bg7 27. b4 Kh8 28. a4 gxf4 29. gxf4 Bh6 30. cxd6 Rxd6 31. g5
Rxd2 32. Rxd2 fxg5 33. Bxe6 Qxe6 34. f5 Qc4 35. Qd4+ Ne5 36. Qxc4 Nxc4 37. Bd4+
Kg8 38. Re2 Bf8 39. b5 Rd8 40. Bf6 Rd3 41. bxa6 bxa6 42. Na2 Bc5+ 43. Kh1 g4
44. Bg5 Rd1+ 45. Kh2 Ne5 46. Kg3 Rg1+ 47. Rg2 Rh1 48. Bf6 Nd7 49. e5 Nxf6 50.
exf6 h5 51. Kf4 Kf7 52. Rc2 Bd6+ 53. Kg5 g3 54. Rd2 Bc5 55. Rd7+ Ke8 56. Rg7 g2
57. f7+ Kf8 58. f6 g1=Q+ 0-1

[Event "16e Tournoi d'Automne - Tournoi A"]
[Site "Montigny le Bretonneux"]
[Date "2017.10.22"]
[Round "2.3"]
[White "O'Sullivan, Thomas"]
[Black "Legrand, Stephane"]
[Result "1-0"]
[WhiteElo "2222"]
[BlackElo "2086"]
[Annotator "Rivier,Sylvain"]
[PlyCount "107"]
[EventDate "2017.??.??"]
[WhiteTeam "Cercle d'Echecs de Villepinte"]
[BlackTeam "La tour de Juvisy"]

{Gambit dame, défense slave, variante tchèque} 1. d4 d5 2. c4 c6 3. Nc3 Nf6
4. Nf3 dxc4 5. a4 Bf5 6. Ne5 e6 7. f3 Bb4 8. Nxc4 c5 9. e4 Bg6 10. Be3 cxd4 11.
Qxd4 Qxd4 12. Bxd4 Nc6 13. Be3 O-O 14. O-O-O a6 15. Bb6 h5 16. Be2 Rac8 17. Rd2
e5 18. Rhd1 Nd4 19. Bxd4 exd4 20. Rxd4 Bxc3 21. bxc3 b5 22. axb5 axb5 23. Ne5
Rxc3+ 24. Kb2 Rc5 25. Nxg6 fxg6 26. Rd8 Rc8 27. Rxc8 Rxc8 28. Rd6 Rc5 29. Rb6
g5 30. Rxb5 Rxb5+ 31. Bxb5 Kf8 32. Kc3 g4 33. Kd4 gxf3 34. gxf3 Ke7 35. Ke5 g6
36. Kf4 Nh7 37. e5 Kf7 38. Bc4+ Kg7 39. h4 Nf8 40. Ke4 Nd7 41. Kd4 Kf8 42. Bb5
Nb6 43. Kc5 Nc8 44. Bd7 Ne7 45. Kd6 Kf7 46. Bh3 Kf8 47. Be6 Ke8 48. f4 Kd8 49.
Bd7 Ng8 50. Bc6 Nh6 51. Be4 Ng4 52. Bxg6 Ne3 53. Bxh5 Nf5+ 54. Ke6 1-0

[Event "16e Tournoi d'Automne - Tournoi A"]
[Site "Montigny le Bretonneux"]
[Date "2017.10.22"]
[Round "2.4"]
[White "Daurelle, Herve"]
[Black "Chauveau, Philippe"]
[Result "1-0"]
[WhiteElo "2180"]
[BlackElo "1909"]
[Annotator "Rivier,Sylvain"]
[PlyCount "75"]
[EventDate "2017.??.??"]

{Défense sicilienne, étau de Maroczy} 1. e4 c5 2. Nf3 g6 3. d4 cxd4 4. Nxd4 Bg7
5. c4 Nc6 6. Be3 Nf6 7. Nc3 O-O 8. Be2 d6 9. O-O Bd7 10. Qd2 Nxd4 11. Bxd4 Bc6
12. f3 a5 13. b3 Nd7 14. Be3 Nc5 15. Rab1 Qb6 16. Rfc1 Rfc8 17. Rc2 Qd8 18. Rd1
h5 19. Bf1 Kh7 20. Qf2 Qh8 21. Nd5 Bxd5 22. exd5 f5 23. Bg5 Bf6 24. Qh4 Bxg5
25. Qxg5 Qf6 26. Qe3 Rc7 27. Re2 Kg7 28. Rde1 Ra7 29. a3 b6 30. b4 axb4 31.
axb4 Na6 32. Qxb6 Rcb7 33. Qf2 Nxb4 34. Re6 Qf7 35. c5 dxc5 36. Qxc5 Na2 37.
Bc4 Nc3 38. Qd4+ 1-0

[Event "16e Tournoi d'Automne - Tournoi A"]
[Site "Montigny le Bretonneux"]
[Date "2017.10.22"]
[Round "2.5"]
[White "Forissier, Nicolas"]
[Black "Lialy Yao, Mustapha"]
[Result "1/2-1/2"]
[WhiteElo "1980"]
[BlackElo "1855"]
[Annotator "Rivier,Sylvain"]
[PlyCount "119"]
[EventDate "2017.??.??"]
[WhiteTeam "La Dame Noire"]
[BlackTeam "Echecs et Nacre"]

{Ouverture du pion dame} 1. d4 d6 2. c4 e5 3. d5 f5 4. g3 Nf6 5. Nc3 Be7 6. Bg2
O-O 7. Nf3 c6 8. O-O Na6 9. a3 Nc7 10. Qb3 cxd5 11. cxd5 Kh8 12. Rd1 Na6 13.
Qc2 Nc5 14. Nh4 Nfe4 15. Nxe4 fxe4 16. b4 Na6 17. Qxe4 Bxh4 18. Qxh4 Qxh4 19.
gxh4 Bg4 20. Bg5 Rfe8 21. f3 Bd7 22. Rac1 h6 23. Be3 b6 24. Rd2 Ba4 25. Bh3 Re7
26. f4 e4 27. Rd4 Nc7 28. Bf5 Bb3 29. Rc3 Ba2 30. Rd2 Nxd5 31. Rxa2 Nxc3 32.
Rd2 Rf8 33. Bg6 d5 34. a4 Rd8 35. a5 bxa5 36. Bc5 Rb7 37. bxa5 a6 38. Bb6 Rf8
39. Rc2 Nb5 40. e3 Na3 41. Rc6 Nc4 42. Bd4 Nxa5 43. Rxa6 Nb3 44. Be5 Nd2 45.
Bh5 Kg8 46. Rd6 Nc4 47. Rxd5 Nxe3 48. Rd4 Nf5 49. Rxe4 Nxh4 50. Ra4 g5 51. Be2
Rc8 52. fxg5 hxg5 53. Rg4 Rb1+ 54. Kf2 Ng6 55. Rxg5 Kf7 56. Bh5 Rc2+ 57. Ke3
Rc6 58. Rxg6 Rxg6 59. Bxg6+ Kxg6 60. Bg3 1/2-1/2

[Event "16e Tournoi d'Automne - Tournoi A"]
[Site "Montigny le Bretonneux"]
[Date "2017.10.23"]
[Round "3.1"]
[White "Lialy Yao, Mustapha"]
[Black "Dubois, Loic"]
[Result "0-1"]
[WhiteElo "1855"]
[BlackElo "2247"]
[Annotator "Rivier,Sylvain"]
[PlyCount "54"]
[EventDate "2017.??.??"]
[WhiteTeam "Echecs et Nacre"]
[BlackTeam "Gambit Roi de Carrieres sur Seine"]

{Défense française, variante Tarrasch} 1. e4 e6 2. d4 d5 3. Nd2 Nc6 4. Ngf3
Nf6 5. e5 Nd7 6. Be2 Be7 7. Nf1 f6 8. exf6 Nxf6 9. Ng3 O-O 10. O-O Ne4 11. Be3
Nxg3 12. hxg3 Bd7 13. c4 Be8 14. a3 a5 15. Qd2 Bh5 16. b3 Kh8 17. Rfb1 Bg6 18.
Re1 Bf6 19. Bg5 Be4 20. Bxf6 Qxf6 21. Rad1 Rad8 22. c5 e5 23. dxe5 Nxe5 24. Qe3
Nc6 25. Nd2 Bc2 26. Rc1 Rde8 27. Qf4 Qb2 0-1

[Event "16e Tournoi d'Automne - Tournoi A"]
[Site "Montigny le Bretonneux"]
[Date "2017.10.23"]
[Round "3.2"]
[White "Meillon, Judicael"]
[Black "O'Sullivan, Thomas"]
[Result "0-1"]
[WhiteElo "1847"]
[BlackElo "2222"]
[Annotator "Rivier,Sylvain"]
[PlyCount "60"]
[EventDate "2017.??.??"]
[WhiteTeam "Tremblay en France"]
[BlackTeam "Cercle d'Echecs de Villepinte"]

{Défense sicilienne, variante Taïmanov} 1. e4 c5 2. Nf3 e6 3. d4 cxd4 4. Nxd4
Nc6 5. Nc3 Qc7 6. g3 a6 7. Bg2 Nf6 8. O-O h5 9. Be3 Ng4 10. Qe2 Be7 11. Rfe1
O-O 12. h3 Nxe3 13. Qxe3 Ne5 14. Nce2 b5 15. b3 Bb7 16. f4 Ng6 17. Kh1 e5 18.
fxe5 Qxe5 19. Nf5 h4 20. Nf4 Bf6 21. Nd3 Qc7 22. e5 Bxg2+ 23. Kxg2 Rfe8 24. Qf2
Nxe5 25. Rad1 Qc6+ 26. Kf1 Qh1+ 27. Ke2 Nc4+ 28. Ne3 Rxe3+ 29. Qxe3 Qg2+ 30.
Qf2 Re8+ 0-1

[Event "16e Tournoi d'Automne - Tournoi A"]
[Site "Montigny le Bretonneux"]
[Date "2017.10.23"]
[Round "3.3"]
[White "Chauveau, Philippe"]
[Black "David, Frederic"]
[Result "0-1"]
[WhiteElo "1909"]
[BlackElo "1955"]
[Annotator "Rivier,Sylvain"]
[PlyCount "48"]
[EventDate "2017.??.??"]

{Ouverture anglaise} 1. Nf3 Nf6 2. c4 e6 3. e3 d5 4. b3 c5 5. Bb2 Nc6 6. cxd5
exd5 7. Bb5 Qb6 8. Bxc6+ bxc6 9. O-O Bg4 10. h3 Bf5 11. Ne5 Bd6 12. d3 Nd7 13.
Nxf7 Kxf7 14. Qf3 Kg6 15. e4 Be6 16. e5 Be7 17. Nd2 h6 18. Qg3+ Kh7 19. f4 g6
20. Qf3 Raf8 21. g4 Rf7 22. Qg3 Rhf8 23. h4 Qb4 24. h5 Rxf4 0-1

[Event "16e Tournoi d'Automne - Tournoi A"]
[Site "Montigny le Bretonneux"]
[Date "2017.10.23"]
[Round "3.4"]
[White "Legrand, Stephane"]
[Black "Daurelle, Herve"]
[Result "0-1"]
[WhiteElo "2086"]
[BlackElo "2180"]
[Annotator "Rivier,Sylvain"]
[PlyCount "78"]
[EventDate "2017.??.??"]
[WhiteTeam "La tour de Juvisy"]
[BlackTeam "Clichy-Echecs-92"]

{Ouverture catalane, variante fermée} 1. d4 Nf6 2. c4 e6 3. g3 c5 4. Nf3 cxd4
5. Nxd4 d5 6. Bg2 e5 7. Nf3 d4 8. O-O Nc6 9. e3 Be7 10. exd4 exd4 11. Nbd2 O-O
12. Nb3 d3 13. Be3 Be6 14. Nfd2 Qd7 15. Nc5 Bxc5 16. Bxc5 Rfd8 17. b3 Bh3 18.
Re1 Bxg2 19. Kxg2 b6 20. Be3 Nb4 21. Bg5 Qc6+ 22. Kg1 Nc2 23. Re5 Nxa1 24. Qxa1
Re8 25. Rf5 Ne4 26. Be3 Nxd2 27. Bxd2 Rad8 28. Rg5 f6 29. Rf5 Re4 30. Qc3 Red4
31. h4 g6 32. Rf4 Rxf4 33. Bxf4 Kf7 34. Be3 Qf3 35. c5 Qxe3 36. cxb6 Qxb6 37.
Qd2 Qc6 38. h5 gxh5 39. Qh6 Kg8 0-1

[Event "16e Tournoi d'Automne - Tournoi A"]
[Site "Montigny le Bretonneux"]
[Date "2017.10.23"]
[Round "3.5"]
[White "Veron, Cyprien"]
[Black "Forissier, Nicolas"]
[Result "1-0"]
[WhiteElo "1990"]
[BlackElo "1980"]
[Annotator "Rivier,Sylvain"]
[PlyCount "89"]
[EventDate "2017.??.??"]
[WhiteTeam "Saint Hilaire Petitville"]
[BlackTeam "La Dame Noire"]

{Début Reti} 1. Nf3 d5 2. c4 d4 3. b4 g6 4. Bb2 Bg7 5. e3 e5 6. exd4 exd4 7.
d3 Ne7 8. Be2 O-O 9. O-O b6 10. Nbd2 c5 11. bxc5 bxc5 12. Nb3 Nd7 13. Ba3 Qc7
14. Nfxd4 Re8 15. Nb5 Qb8 16. Rc1 Qe5 17. Bf3 Rb8 18. Re1 Qf6 19. Nxc5 Nxc5 20.
Bxc5 Be6 21. Bxa7 Rbd8 22. Bb6 Rd7 23. Nc7 Rc8 24. Nxe6 fxe6 25. a4 Nf5 26. a5
Nd4 27. Bg4 Rf8 28. Bxd4 Rxd4 29. Bxe6+ Kh8 30. Rc2 Rf4 31. Qe2 Qd8 32. f3 Qxa5
33. Bd5 Bd4+ 34. Kh1 Qc7 35. g3 R4f5 36. Ra2 Re5 37. Be4 Rff5 38. Ra8+ Kg7 39.
f4 Re7 40. Rb1 g5 41. Qg4 Rc5 42. Rb7 Qd6 43. Rxe7+ Qxe7 44. Qh5 Kf6 45. Ra6+
1-0

[Event "16e Tournoi d'Automne - Tournoi A"]
[Site "Montigny le Bretonneux"]
[Date "2017.10.24"]
[Round "4.1"]
[White "O'Sullivan, Thomas"]
[Black "Lialy Yao, Mustapha"]
[Result "1-0"]
[WhiteElo "2222"]
[BlackElo "1855"]
[Annotator "Rivier,Sylvain"]
[PlyCount "81"]
[EventDate "2017.??.??"]

{Défense est-indienne} 1. Nf3 g6 2. d4 Bg7 3. g3 d6 4. Bg2 Nf6 5. O-O O-O 6. b3
c5 7. Bb2 Nc6 8. c4 cxd4 9. Nxd4 Nxd4 10. Qxd4 Qb6 11. Qd2 Bf5 12. Nc3 Rfe8 13.
Rac1 Rad8 14. h3 e5 15. e4 Be6 16. Rfd1 h5 17. Rc2 a6 18. Ba3 Bf8 19. Qe2 Kg7
20. Bc1 Ng8 21. Be3 Qc6 22. Rdc1 Qd7 23. Kh2 Ne7 24. Nd5 Nc6 25. Qd2 f5 26.
Bh6+ Kf7 27. Bg5 Be7 28. Nxe7 Nxe7 29. exf5 Bxf5 30. Rc3 Kg7 31. Rd1 Qe6 32.
Bxb7 Bxh3 33. Bd5 Nxd5 34. cxd5 Qd7 35. Bxd8 Rxd8 36. Rdc1 Kg8 37. Qg5 Bf5 38.
Rc7 Qe8 39. Qf6 Bd7 40. R1c6 Bxc6 41. Qg7# 1-0

[Event "16e Tournoi d'Automne - Tournoi A"]
[Site "Montigny le Bretonneux"]
[Date "2017.10.24"]
[Round "4.2"]
[White "Forissier, Nicolas"]
[Black "Dubois, Loic"]
[Result "0-1"]
[WhiteElo "1980"]
[BlackElo "2247"]
[Annotator "Rivier,Sylvain"]
[PlyCount "80"]
[EventDate "2017.??.??"]

{Gambit dame, défense Tchigorine} 1. d4 d5 2. c4 Nc6 3. cxd5 Qxd5 4. Nf3 e5 5.
Nc3 Bb4 6. e3 Nf6 7. Be2 e4 8. Nd2 Qg5 9. Kf1 Bxc3 10. bxc3 O-O 11. Rb1 a6 12.
f3 Re8 13. Nxe4 Rxe4 14. fxe4 Nxe4 15. Rb3 Be6 16. Rxb7 Nxc3 17. Qc2 Nxe2 18.
Qxe2 Nxd4 19. Qd2 Bc4+ 20. Ke1 Qh4+ 21. Kd1 Be2+ 22. Qxe2 Nxe2 23. Kxe2 Qg4+
24. Kf2 Qf5+ 25. Kg3 h5 26. Rb4 g5 27. h4 Qe5+ 28. Kf2 a5 29. Rd4 c5 30. Rd2
Re8 31. Re2 Qf6+ 32. Kg3 Re4 33. hxg5 Qxg5+ 34. Kf2 Qf6+ 35. Kg1 Qd8 36. Kf2
Rc4 37. Ree1 Rc2+ 38. Kf3 Qf6+ 39. Ke4 Qe6+ 40. Kf3 Qf5+ 0-1

[Event "16e Tournoi d'Automne - Tournoi A"]
[Site "Montigny le Bretonneux"]
[Date "2017.10.24"]
[Round "4.3"]
[White "David, Frederic"]
[Black "Legrand, Stephane"]
[Result "0-1"]
[WhiteElo "1955"]
[BlackElo "2086"]
[Annotator "Rivier,Sylvain"]
[PlyCount "60"]
[EventDate "2017.??.??"]

{Ouverture catalane, variante classique} 1. d4 Nf6 2. Nf3 e6 3. g3 d5 4. Bg2
Be7 5. c4 O-O 6. O-O dxc4 7. Qa4 a6 8. Qxc4 b5 9. Qc2 Bb7 10. Bd2 Be4 11. Qc1
Ra7 12. Rd1 Nbd7 13. a4 b4 14. Be1 Qa8 15. Nbd2 Bd5 16. Nc4 c5 17. Ne3 Be4 18.
Ne5 Bxg2 19. Nxg2 Nxe5 20. dxe5 Nd7 21. f4 Rc8 22. b3 c4 23. bxc4 Rac7 24. Ne3
Nb6 25. Bf2 Nxc4 26. Qb1 Na3 27. Qd3 Qb7 28. Qb3 Qe4 29. Nf1 Rc3 30. Nd2 Qxe2
0-1

[Event "16e Tournoi d'Automne - Tournoi A"]
[Site "Montigny le Bretonneux"]
[Date "2017.10.24"]
[Round "4.4"]
[White "Daurelle, Herve"]
[Black "Meillon, Judicael"]
[Result "1/2-1/2"]
[WhiteElo "2180"]
[BlackElo "1847"]
[Annotator "Rivier,Sylvain"]
[PlyCount "28"]
[EventDate "2017.??.??"]

{Défense moderne} 1. e4 g6 2. d4 Bg7 3. Nf3 d6 4. Nc3 a6 5. a4 Nc6 6. d5 Ne5 7.
Nxe5 Bxe5 8. g3 Nf6 9. Bg2 c6 10. O-O cxd5 11. Nxd5 Nxd5 12. exd5 Bf5 13. Bh6
Qb6 14. g4 Bd7 1/2-1/2

[Event "16e Tournoi d'Automne - Tournoi A"]
[Site "Montigny le Bretonneux"]
[Date "2017.10.25"]
[Round "5.1"]
[White "Dubois, Loic"]
[Black "O'Sullivan, Thomas"]
[Result "0-1"]
[WhiteElo "2247"]
[BlackElo "2222"]
[Annotator "Rivier,Sylvain"]
[PlyCount "58"]
[EventDate "2017.??.??"]

{Ouverture du pion dame, défense est-indienne} 1. d4 Nf6 2. Nf3 g6 3. Bg5 Bg7
4. Nbd2 O-O 5. c3 d6 6. e3 Qe8 7. Be2 e5 8. O-O Nbd7 9. b4 h6 10. Bxf6 Nxf6 11.
a4 a5 12. bxa5 Rxa5 13. Qb3 e4 14. Ne1 b6 15. Nc4 Be6 16. Nc2 Qd7 17. Nb4 Rfa8
18. d5 Bxd5 19. Nxd5 Rxd5 20. f3 Rc5 21. Nd2 Re8 22. fxe4 Nxe4 23. Nxe4 Rxe4
24. Bd3 Qe6 25. Qd1 Rxe3 26. Ra3 Rxc3 27. Rxc3 Bxc3 28. Qc2 Bd4 29. Kh1 Re1 0-1

[Event "16e Tournoi d'Automne - Tournoi A"]
[Site "Montigny le Bretonneux"]
[Date "2017.10.25"]
[Round "5.2"]
[White "Meillon, Judicael"]
[Black "David, Frederic"]
[Result "1/2-1/2"]
[WhiteElo "1847"]
[BlackElo "1955"]
[Annotator "Rivier,Sylvain"]
[PlyCount "50"]
[EventDate "2017.??.??"]

{Défense scandinave} 1. e4 d5 2. exd5 Nf6 3. Nf3 Qxd5 4. Nc3 Qa5 5. Bc4 Bf5 6.
O-O e6 7. d4 c6 8. Re1 Be7 9. Ne5 Nbd7 10. Bg5 Nxe5 11. dxe5 Nd5 12. Bxe7 Nxc3
13. bxc3 Kxe7 14. Rb1 Rhd8 15. Rxb7+ Kf8 16. Qf3 Qc5 17. Bb3 Kg8 18. Rd1 Qxc3
19. Rxa7 Qxf3 20. Rxd8+ Rxd8 21. gxf3 Bh3 22. c3 g5 23. Ra4 Rd3 24. f4 gxf4 25.
Rxf4 Rxc3 1/2-1/2

[Event "16e Tournoi d'Automne - Tournoi A"]
[Site "Montigny le Bretonneux"]
[Date "2017.10.25"]
[Round "5.3"]
[White "Lialy Yao, Mustapha"]
[Black "Daurelle, Herve"]
[Result "1/2-1/2"]
[WhiteElo "1855"]
[BlackElo "2180"]
[Annotator "Rivier,Sylvain"]
[PlyCount "46"]
[EventDate "2017.??.??"]

{Défense française} 1. e4 c5 2. d3 Nc6 3. g3 d5 4. Nd2 Nf6 5. Bg2 e6 6. Ngf3
Be7 7. O-O O-O 8. e5 Nd7 9. Re1 b5 10. h4 Qc7 11. Qe2 a5 12. Nf1 b4 13. a3 bxa3
14. bxa3 Rb8 15. h5 Ba6 16. Bf4 Rb2 17. Reb1 Rfb8 18. Rxb2 Rxb2 19. Ne3 Nb6 20.
Nd1 Rb5 21. Nc3 Rb2 22. Nd1 Rb5 23. Nc3 Rb2 1/2-1/2

[Event "16e Tournoi d'Automne - Tournoi A"]
[Site "Montigny le Bretonneux"]
[Date "2017.10.25"]
[Round "5.4"]
[White "Legrand, Stephane"]
[Black "Veron, Cyprien"]
[Result "0-1"]
[WhiteElo "2086"]
[BlackElo "1990"]
[Annotator "Rivier,Sylvain"]
[PlyCount "80"]
[EventDate "2017.??.??"]

{Défense est-indienne, variante du fianchetto} 1. Nf3 Nf6 2. c4 g6 3. g3 Bg7 4.
Bg2 O-O 5. d4 d6 6. O-O Nbd7 7. Nc3 e5 8. e3 Re8 9. b3 c6 10. Bb2 Qc7 11. Rc1
Rb8 12. Qd2 exd4 13. Qxd4 Nc5 14. Rfd1 Bf5 15. Nh4 Nh5 16. Qd2 Bg4 17. f3 Be6
18. b4 Na6 19. Ne4 f5 20. Bxg7 Qxg7 21. Nxd6 Red8 22. f4 Nf6 23. b5 Nc5 24. Qd4
Nfe4 25. Bxe4 Nxe4 26. Qxg7+ Kxg7 27. Nxe4 fxe4 28. Rd4 Rxd4 29. exd4 Rd8 30.
bxc6 bxc6 31. d5 cxd5 32. cxd5 Rxd5 33. Rc7+ Kf6 34. Rxa7 e3 35. Nf3 Rd1+ 36.
Kg2 Bd5 37. g4 e2 38. Ra6+ Kg7 39. Ra7+ Kf8 40. Kf2 Bxf3 0-1

[Event "16e Tournoi d'Automne - Tournoi A"]
[Site "Montigny le Bretonneux"]
[Date "2017.10.26"]
[Round "6.1"]
[White "Daurelle, Herve"]
[Black "Dubois, Loic"]
[Result "1/2-1/2"]
[WhiteElo "2180"]
[BlackElo "2247"]
[Annotator "Rivier,Sylvain"]
[PlyCount "128"]
[EventDate "2017.??.??"]

{Défense française, variante Tarrasch} 1. e4 e6 2. d4 d5 3. Nd2 Nc6 4. Ngf3 Nf6
5. e5 Nd7 6. Nb3 a5 7. a4 b6 8. c3 Be7 9. h4 h6 10. Bf4 Ndb8 11. Rh3 Ba6 12.
Bxa6 Nxa6 13. h5 Qd7 14. Qe2 Ncb8 15. g4 c5 16. Kf1 Nc6 17. Kg2 Nc7 18. Be3 c4
19. Nbd2 b5 20. axb5 Nxb5 21. g5 a4 22. gxh6 gxh6 23. Rg3 a3 24. Nh2 Qb7 25.
bxa3 Nxc3 26. Qf3 Qb2 27. Rg1 Nb5 28. Nxc4 Qa2 29. Nd6+ Nxd6 30. exd6 Bxd6 31.
Qf6 Rf8 32. Rg7 Ne7 33. Kh1 Qc2 34. Bxh6 Rxa3 35. Rc1 Qe2 36. Bg5 Qxh5 37. Bf4
Bxf4 38. Qxf4 Ra8 39. Rb1 Rc8 40. Rb7 Rh8 41. Rg1 Nf5 42. Rb4 Nxd4 43. Rxd4 e5
44. Re1 Rc1 45. Rxc1 exf4 46. Rc8+ Ke7 47. Rxh8 Qxh8 48. Rxf4 Qe5 49. Rf3 d4
50. Kg2 f5 51. Nf1 f4 52. Rd3 Qe4+ 53. Rf3 Ke6 54. Nd2 Qe2 55. Nb3 Qc4 56. Rxf4
Qd5+ 57. Rf3 d3 58. Nc5+ Qxc5 59. Rxd3 Qc6+ 60. Kg1 Ke5 61. Re3+ Kf4 62. Rg3
Qe4 63. Re3 Qxe3 64. fxe3+ Kxe3 1/2-1/2

[Event "16e Tournoi d'Automne - Tournoi A"]
[Site "Montigny le Bretonneux"]
[Date "2017.10.26"]
[Round "6.2"]
[White "David, Frederic"]
[Black "Lialy Yao, Mustapha"]
[Result "1/2-1/2"]
[WhiteElo "1955"]
[BlackElo "1855"]
[Annotator "Rivier,Sylvain"]
[PlyCount "77"]
[EventDate "2017.??.??"]

{Défense est-indienne, variante Panno} 1. Nf3 d6 2. d4 g6 3. g3 Bg7 4. Bg2 Nf6
5. O-O O-O 6. c4 Nc6 7. Nc3 a6 8. Qd3 e5 9. dxe5 dxe5 10. Qxd8 Rxd8 11. Bg5 Be6
12. Nd2 h6 13. Bxf6 Bxf6 14. Nde4 Be7 15. Nd5 Bxd5 16. cxd5 Nb4 17. Nc3 f5 18.
Rac1 Bg5 19. a3 Bxc1 20. Rxc1 c5 21. axb4 cxb4 22. Na4 Rac8 23. Rxc8 Rxc8 24.
e4 Rc1+ 25. Bf1 b5 26. Nb6 fxe4 27. Kg2 Rc2 28. Kg1 Rxb2 29. Bh3 Rb1+ 30. Kg2
Rd1 31. Bg4 Rd2 32. Nd7 h5 33. Nf6+ Kf7 34. Nxe4 Rxd5 35. Bf3 Rd4 36. Nc5 a5
37. Nb3 a4 38. Nxd4 exd4 39. Bc6 1/2-1/2